Países Europeos en su Lengua Nativa - Estadísticas

Estadísticas generales
  • Esta prueba ha sido intentada 9.266 veces
  • La puntuación promedio es 35 de 45
Estadísticas de respuestas
País Español % Correcto
España España
100%
Italia Italia
99%
United Kingdom Reino Unido
99%
Danmark Dinamarca
98%
Ísland Islandia
98%
Deutschland Alemania
97%
Nederland Países Bajos
96%
België Bélgica
95%
France Francia
95%
Polska Polonia
93%
Česká republika República Checa
93%
Andorra Andorra
92%
Città del Vaticano Ciudad del Vaticano
92%
Malta Malta
92%
Monaco Mónaco
92%
Portugal Portugal
92%
România Rumania
92%
San Marino San Marino
92%
Liechtenstein Liechtenstein
91%
Slovenija Eslovenia
90%
Lietuva Lituania
90%
Moldova Moldavia
90%
Schweiz Suiza
90%
Kosova Kosovo
89%
Norge Noruega
89%
Latvija Letonia
88%
Slovensko Eslovaquia
87%
Lëtzebuerg Luxemburgo
74%
Ελλάδα Grecia
71%
Österreich Austria
70%
Éire Irlanda
65%
Северна Македонија Macedonia del Norte
64%
Босна и Херцеговина Bosnia y Herzegovina
61%
Eesti Estonia
59%
Россия Rusia
59%
Sverige Suecia
57%
Suomi Finlandia
51%
Magyarország Hungría
49%
България Bulgaria
48%
Hrvatska Croacia
48%
Україна Ucrania
48%
Белару́сь Bielorrusia
47%
Србија Serbia
41%
Shqipëri Albania
34%
Црна Гора Montenegro
33%
No se encontraron pruebas coincidentes
Distribución de puntuación
Porcentaje de gente con cada puntuación
Porcentaje por número respondido
Historial de tus puntuaciones
No has intentado esta prueba.